Kumuk Türkçesi sözlüğü / (Record no. 15804)

MARC details
000 -BAŞLIK
Sabit Uzunlukta Kontrol Alanı 00728nam a22002177a 4500
999 ## - SİSTEM KONTROL NUMARALARI (KOHA)
Koha Biblionumber 15804
Koha Biblioitemnumber 15804
003 - KONTROL NUMARASI IDENTIFIER
Denetim Alanı MIRAKIL
005 - SON İŞLEM TARİHİ VE ZAMANI
Denetim Alanı 20240327160041.0
008 - SABİT-BOY VERİ ELEMANLARI - GENEL BİLGİLER
Sabit Uzunlukta Kontrol Alanı 240327b tu ||||| |||| 00| 0 tur d
020 ## - ULUSLARARASI STANDART KİTAP NUMARASI
Uluslararası Standart Kitap Numarası 9789751623850
040 ## - KATALOGLAMA KAYNAK
Orijinal Kataloglama Ajansı TR-AnCHP
Metne Dönüştürmek Ajansı TR-AnCHP
041 ## - DİL KODU
Metin / Ses Parça Veya Ayrı Başlığın Dil Kodu tur
082 ## - DEWEY ONLU SINIFLANDIRMA NUMARASI
Sınıflandırma Numarası 419.99
Ürün Numarası P34k 2011
100 ## - ANA GİRİŞ - KİŞİSEL İSİM
Kişisel Ad Pekacar, Çetin
245 10 - BAŞLIK TABLOSU
Başlık Kumuk Türkçesi sözlüğü /
Sorumluluk Tablosu, Vb Çetin Pekacar.
260 ## - YAYIN, DAĞITIM, VB
Yayın, Dağıtım, Vb Yeri Ankara :
Yayıncı, Dağıtıcı, Vs Adı Türk Dil Kurumu,
Yayın, Dağıtım, Vb Tarihi 2011.
300 ## - FİZİKSEL TANIM
Kapsam 409 s. :
Diğer Fiziksel Ayrıntıları tbl. ;
Boyutlar 24 cm.
490 0# - SERİSİ TABLOSU
Seri Beyanı Atatürk Kültür, Dil Tarih ve Yüksek Kurumu Türk Dil Kurumu Yayınları ;
Hacim / Ardışık Tanımı 1032
650 #0 - KONU KATMA GİRİŞ - TOPİKAL DÖNEM
9 (RLIN) 7899
Topikal Süreli Veya Coğrafi Ad Giriş Elemanı Kumukça sözlük
856 ## - ELEKTRONİK YER VE ERİŞİM
Kamu Notu Dijital Nüshası için Partimizin Kütüphane Sorumlusu ile iletişime geçiniz.
942 ## - EKLENDİ GİRİŞ ELEMANLARI (KOHA)
Sınıflandırma Veya Raf Düzeni Kaynak Dewey Decimal Classification
Koha Öğesi Türü Books
Holdings
Kalıcı Konum Mevcut Konum Edinme Tarihi Toplam Check-Out'Lar Tam Çağrı Numarası Barkod Tarih Son Görülme İtibaren Geçerli Fiyatlar Koha Öğesi Türü
CHP Kütüphanesi CHP Kütüphanesi 03/27/2024   419.99 P34k 2011 21750 03/27/2024 03/27/2024 Books